The Angry Birds Movie 2 Cast - Statistics

General Stats
  • This quiz has been taken 4 times
  • The average score is 8 of 15
Answer Stats
Character Actor/Actress % Correct
Mighty Eagle Peter Dinklage
100%
Courtney Awkwafina
67%
Leonard Bill Hader
67%
Bomb Danny McBride
67%
Red Jason Sudeikis
67%
Chuck Josh Gad
67%
Matilda Maya Rudolph
67%
Silver Rachel Bloom
67%
Garry Sterling K. Brown
67%
Steve Alex Hirsch
33%
Hal Anthony Padilla
33%
Glenn Eugenio Derbez
33%
Zeta Leslie Jones
33%
Debbie Tiffany Haddish
33%
Mime Tony Hale
33%
No matching quizzes found
Score Distribution
Percent of People with Each Score
Percentile by Number Answered
Your Score History
You have not taken this quiz